[Event "Südlohner SV 1 - SK Dülmen 1"]
[Site "Regionalliga 2015/2016"]
[Date "2016.01.09"]
[Round "5.4"]
[White "Völker, Christian"]
[Black "Stegemann, Norbert"]
[Result "1-0"]
[WhiteElo "2037"]
[BlackElo "1972"]
[PlyCount "109"]
[EventDate "2016.??.??"]
[SourceDate "2015.09.11"]

1. d4 d5 2. Nc3 e6 3. e4 dxe4 4. Nxe4 Nf6 5. Nxf6+ Qxf6 6. Nf3 Qd8 7. Bd3 Be7
8. Qe2 Nd7 9. O-O Nf6 10. Rd1 O-O 11. Ne5 c6 12. c3 Qc7 13. Bg5 Bd7 14. Rac1
Rad8 15. b4 Bc8 16. Qf3 Nd5 17. Bd2 Bd6 18. Qe4 Nf6 19. Qe2 Nd5 20. g3 f6 21.
Nc4 Rfe8 22. Re1 e5 23. Qh5 f5 24. dxe5 Bxe5 25. Nxe5 Rxe5 26. Rxe5 Qxe5 27.
Re1 Qd6 28. Qe2 Bd7 29. Qe5 Qxe5 30. Rxe5 g6 31. Bc4 Re8 32. Bxd5+ cxd5 33.
Rxd5 Bc6 34. Rd4 Re7 35. Be3 Rd7 36. Rxd7 Bxd7 37. Bxa7 b5 38. f4 Kf7 39. Kf2
Ke6 40. Ke3 Kd5 41. Kd3 Be8 42. a4 bxa4 43. c4+ Kc6 44. b5+ Kb7 45. Bc5 Bf7 46.
Kd4 Bg8 47. Kc3 Bf7 48. Ba3 Be6 49. Kb4 Bf7 50. Bb2 Be6 51. c5 Bb3 52. c6+ Kb6
53. Bd4+ Kc7 54. Kc5 Bd1 55. b6+ 1-0

[Event "Südlohner SV 1 - SK Dülmen 1"]
[Site "Regionalliga 2015/2016"]
[Date "2016.01.09"]
[Round "5.5"]
[White "Rebber, Christian"]
[Black "Darwisch, Khaled"]
[Result "1-0"]
[WhiteElo "1848"]
[BlackElo "2020"]
[PlyCount "83"]
[EventDate "2016.??.??"]
[SourceDate "2015.09.11"]

1. e4 d6 2. d4 g6 3. Nc3 Bg7 4. f4 Nc6 5. Nf3 Bg4 6. Be3 Nf6 7. Be2 Nd7 8. Qd2
Bxf3 9. Bxf3 e5 10. d5 Ne7 11. O-O-O exf4 12. Bxf4 h6 13. Kb1 g5 14. Be3 Ne5
15. Be2 N7g6 16. Bd4 O-O 17. g3 c5 18. dxc6 bxc6 19. Be3 Qa5 20. Qxd6 Rab8 21.
Qc5 Rxb2+ 22. Kc1 Qxc5 23. Bxc5 Rfb8 24. Ba3 R2b7 25. Kd2 g4 26. Ke3 h5 27. Na4
Bf8 28. Bxf8 Nxf8 29. a3 Ne6 30. h3 Re7 31. hxg4 hxg4 32. Rh5 Ng7 33. Rh4 f5
34. Rdh1 Ng6 35. Bc4+ Ne6 36. Rh6 Kg7 37. Rh7+ Kf6 38. Rxe7 Kxe7 39. exf5 Ne5
40. Bxe6 Nf3 41. Rh7+ Kf6 42. Kf4 1-0

[Event "Südlohner SV 1 - SK Dülmen 1"]
[Site "Regionalliga 2015/2016"]
[Date "2016.01.09"]
[Round "5.6"]
[White "Hater, Wolfgang"]
[Black "Lödding, Detlef"]
[Result "0-1"]
[WhiteElo "2030"]
[BlackElo "1877"]
[PlyCount "106"]
[EventDate "2016.??.??"]
[SourceDate "2015.09.11"]

1. e4 c5 2. Be2 Nc6 3. d3 Nf6 4. Nd2 g6 5. c3 Bg7 6. Ngf3 d5 7. O-O O-O 8. Re1
e6 9. a3 a5 10. e5 Nd7 11. d4 f6 12. exf6 Qxf6 13. dxc5 Nxc5 14. Nf1 a4 15. Ng3
Qf7 16. Be3 Nb3 17. Rb1 e5 18. Ng5 Qd7 19. h3 Ne7 20. Bg4 Qc6 21. Nf3 Nf5 22.
Nf1 h5 23. Bg5 Re8 24. Bxf5 Bxf5 25. Nh4 Bxb1 26. Qxb1 e4 27. Ne3 Nc5 28. Nc2
Nd3 29. Rf1 Re6 30. Be3 Qb5 31. Qa2 Rd8 32. Rb1 Qc4 33. Qa1 Qb3 34. Nd4 Bxd4
35. Bxd4 Rf8 36. Rf1 Qxb2 37. Qd1 Qxa3 38. Qd2 Kh7 39. g3 Qe7 40. f4 Ref6 41.
Rb1 Ra6 42. f5 gxf5 43. Ng2 Rf7 44. Qe2 Rh6 45. Be3 Qd6 46. Nf4 Nxf4 47. Bxf4
Qc5+ 48. Kh2 Qxc3 49. Bxh6 Kxh6 50. Rb6+ Rf6 51. Rxb7 e3 52. Qf3 Qd2+ 53. Kg1
e2 0-1

[Event "Südlohner SV 1 - SK Dülmen 1"]
[Site "Regionalliga 2015/2016"]
[Date "2016.01.09"]
[Round "5.7"]
[White "Eiersbrock, Marko"]
[Black "Telöken, Andreas"]
[Result "1/2-1/2"]
[WhiteElo "1833"]
[BlackElo "1990"]
[PlyCount "142"]
[EventDate "2016.??.??"]
[SourceDate "2015.09.11"]

1. d4 e6 2. Nf3 f5 3. c4 Nf6 4. Nc3 Be7 5. g3 d6 6. Bg2 O-O 7. O-O a5 8. Qb3
Kh8 9. Ng5 Na6 10. Rd1 Qe8 11. c5 d5 12. Bf4 Nb4 13. Bxc7 Nc6 14. Nb5 Qh5 15.
Nf3 Ne4 16. Qe3 g5 17. Be5+ Nxe5 18. Nxe5 f4 19. Qf3 Qh6 20. g4 Qg7 21. Rac1
Bxc5 22. Qd3 Bd6 23. Bxe4 Bxe5 24. dxe5 dxe4 25. Qxe4 Bd7 26. Rc7 Bc6 27. Rxg7
Bxe4 28. Rxg5 f3 29. exf3 Bxf3 30. Rd6 Rac8 31. h3 Rc1+ 32. Kh2 Bc6 33. Nd4 Bd5
34. f4 h6 35. Rh5 Rxf4 36. Rxh6+ Kg8 37. Rd8+ Kf7 38. Rf6+ Rxf6 39. exf6 Kxf6
40. Rf8+ Kg7 41. Rf2 Rd1 42. Nb5 Bxa2 43. b4 Bc4 44. Na3 Bd5 45. bxa5 Ra1 46.
Nb5 Rxa5 47. Nd6 Ra6 48. Ne8+ Kg6 49. h4 Ra2 50. Rxa2 Bxa2 51. Nd6 Bd5 52. Kg3
e5 53. Kf2 Kf6 54. Ke3 b6 55. Ne8+ Kg6 56. Nc7 Bc6 57. Ne6 Kf6 58. Ng5 b5 59.
Ne4+ Kg6 60. Kd3 b4 61. h5+ Kh6 62. Nf2 Bd5 63. Kc2 Kg5 64. Kb2 Bc4 65. Ne4+
Kh6 66. Nf2 b3 67. Kc3 Be6 68. Nd3 e4 69. Nc5 e3 70. Nxb3 Bxg4 71. Nd4 Kxh5
1/2-1/2

[Event "Südlohner SV 1 - SK Dülmen 1"]
[Site "Regionalliga 2015/2016"]
[Date "2016.01.09"]
[Round "5.8"]
[White "Telöken, Daniel"]
[Black "Weise, Andreas"]
[Result "1-0"]
[WhiteElo "1839"]
[BlackElo "1690"]
[PlyCount "93"]
[EventDate "2016.??.??"]
[SourceDate "2015.09.11"]

1. c4 e5 2. g3 Nc6 3. Bg2 g6 4. Nc3 Bg7 5. d3 d6 6. e4 Nge7 7. Nge2 Bg4 8. h3
Bxe2 9. Nxe2 O-O 10. Be3 f5 11. O-O fxe4 12. dxe4 Kh8 13. Qd2 a5 14. Rfd1 Qe8
15. Rac1 Rd8 16. b3 Qf7 17. Qc3 b6 18. a3 Ng8 19. Qd2 Nf6 20. Nc3 Nd7 21. Qd5
Nd4 22. Qxf7 Rxf7 23. Bxd4 exd4 24. Nb5 Nc5 25. b4 Nb3 26. Rb1 a4 27. Na7 c5
28. Nc6 Rc8 29. b5 Re8 30. Rd3 Ref8 31. Rf1 Re8 32. h4 Rg8 33. f4 Re8 34. Kf2
Bh6 35. Bf3 Rc7 36. Re1 Bg7 37. Bd1 Nc1 38. Rd2 d3 39. e5 dxe5 40. Bxa4 Ra8 41.
Rxc1 Rxa4 42. Rxd3 Ra8 43. fxe5 Rf7+ 44. Kg2 Raf8 45. Rc2 Rf1 46. e6 Re1 47. e7
1-0

[Event "SF Telgte 1 - SC Gronau 1"]
[Site "Regionalliga 2015/2016"]
[Date "2016.01.09"]
[Round "5.1"]
[White "Monsma, Menno"]
[Black "Hackl-Sommer, René"]
[Result "1/2-1/2"]
[WhiteElo "2075"]
[BlackElo "2009"]
[PlyCount "82"]
[EventDate "2016.??.??"]
[SourceDate "2015.09.11"]

1. c4 f5 2. Nf3 Nf6 3. g3 g6 4. b3 Bg7 5. Bb2 d6 6. d4 O-O 7. Bg2 Ne4 8. Nfd2
Nxd2 9. Qxd2 e5 10. dxe5 dxe5 11. Qxd8 Rxd8 12. Nc3 c6 13. Rd1 Rxd1+ 14. Kxd1
e4 15. Kc2 Na6 16. Rd1 Be6 17. Bh3 Nc7 18. Bc1 Kf7 19. Bf4 Ne8 20. Bg2 Rc8 21.
Be3 b5 22. c5 Nf6 23. h3 a5 24. Bd4 Bf8 25. a3 a4 26. bxa4 bxa4 27. Nxa4 Ra8
28. Nc3 Rxa3 29. Rb1 Nd5 30. Nxd5 Bxd5 31. Kd1 Ra5 32. Rc1 Bg7 33. Bxg7 Kxg7
34. e3 Kf6 35. Ke1 Ke5 36. Bf1 g5 37. Be2 f4 38. exf4+ gxf4 39. gxf4+ Kxf4 40.
Bg4 Ra3 41. Kd2 h5 1/2-1/2

[Event "SF Telgte 1 - SC Gronau 1"]
[Site "Regionalliga 2015/2016"]
[Date "2016.01.09"]
[Round "5.2"]
[White "Muth, Josef"]
[Black "Storck, Martin"]
[Result "1-0"]
[WhiteElo "1987"]
[BlackElo "1970"]
[PlyCount "55"]
[EventDate "2016.??.??"]
[SourceDate "2015.09.11"]

1. d4 d5 2. c4 c6 3. Nf3 Nf6 4. e3 Bf5 5. Nc3 e6 6. Nh4 Bg4 7. Qb3 b6 8. h3 Bh5
9. g4 Ne4 10. Ng2 Bg6 11. Nf4 Qh4 12. Qc2 Bb4 13. Nxg6 hxg6 14. Bg2 f5 15. Bxe4
fxe4 16. Qe2 Rf8 17. Bd2 Bxc3 18. Bxc3 Rf3 19. Rf1 Nd7 20. O-O-O a6 21. Kb1 b5
22. cxd5 exd5 23. Rc1 Rc8 24. Bb4 Nb6 25. b3 Nd7 26. Bd6 Rxh3 27. f3 Rh2 28.
Qxh2 1-0

[Event "SF Telgte 1 - SC Gronau 1"]
[Site "Regionalliga 2015/2016"]
[Date "2016.01.09"]
[Round "5.3"]
[White "Langendijk, Andre"]
[Black "Lodde, Martin"]
[Result "0-1"]
[WhiteElo "1960"]
[BlackElo "1922"]
[PlyCount "112"]
[EventDate "2016.??.??"]
[SourceDate "2015.09.11"]

1. d4 Nf6 2. Bg5 d5 3. e3 e6 4. Bd3 Be7 5. Nd2 h6 6. Bh4 b6 7. c3 Bb7 8. f4 Ne4
9. Bxe7 Qxe7 10. Ngf3 Nd7 11. O-O f5 12. Ne5 Nxe5 13. fxe5 O-O 14. Rf3 a5 15.
Qe2 Nxd2 16. Qxd2 Ba6 17. Raf1 Bxd3 18. Qxd3 Qd7 19. Qe2 c5 20. g4 g6 21. gxf5
Rxf5 22. Rxf5 exf5 23. Rf3 c4 24. Qg2 Qe6 25. h4 Ra7 26. Rg3 Kh7 27. Qf3 Rd7
28. h5 g5 29. Rg2 g4 30. Qf4 Rg7 31. b3 cxb3 32. axb3 Rg5 33. b4 a4 34. c4 dxc4
35. e4 fxe4 36. Qxe4+ Qf5 37. Qxf5+ Rxf5 38. e6 Kg7 39. Rxg4+ Kf8 40. d5 Rxd5
41. Rxc4 Rxh5 42. b5 Rxb5 43. Rxa4 Re5 44. e7+ Kxe7 45. Kf2 Kd6 46. Kf3 Kc6 47.
Kf4 Rh5 48. Kg4 Rc5 49. Ra8 h5+ 50. Kf4 h4 51. Kg4 Rc4+ 52. Kh3 b5 53. Rc8+ Kd5
54. Rd8+ Kc5 55. Rc8+ Kb4 56. Ra8 Kb3 0-1

[Event "SF Telgte 1 - SC Gronau 1"]
[Site "Regionalliga 2015/2016"]
[Date "2016.01.09"]
[Round "5.4"]
[White "Junker, Axel"]
[Black "Lütkehermölle, Martin"]
[Result "1/2-1/2"]
[WhiteElo "1866"]
[BlackElo "1931"]
[PlyCount "111"]
[EventDate "2016.??.??"]
[SourceDate "2015.09.11"]

1. c4 Nf6 2. Nc3 e6 3. e4 c5 4. e5 Ng8 5. d4 cxd4 6. Qxd4 Nc6 7. Qe4 d6 8. Nf3
dxe5 9. Nxe5 Bd7 10. Nxd7 Qxd7 11. Bg5 Bb4 12. Rd1 Qc7 13. Be2 Nf6 14. Bxf6
gxf6 15. O-O Bxc3 16. bxc3 Qe5 17. Qb1 Rb8 18. Bf3 Qc7 19. Qb5 O-O 20. Bxc6
bxc6 21. Qh5 Rfd8 22. Rde1 Kf8 23. Re3 Qf4 24. Qxh7 Rb2 25. Rf3 Qe5 26. Qh6+
Ke7 27. Re3 Qg5 28. Qxg5 fxg5 29. Rg3 Rxa2 30. Rxg5 Rd3 31. Rg3 Rxg3 32. fxg3
a5 33. h4 f5 34. g4 fxg4 35. Kh2 Rc2 36. h5 Rxc3 37. h6 Rd3 38. h7 Rd8 39. Kg3
Rh8 40. Kxg4 Rxh7 41. Ra1 Rg7+ 42. Kf3 Rg5 43. g4 Rc5 44. Ra4 Kf6 45. Ke4 e5
46. Ke3 Kg5 47. Kf3 Kh4 48. Ra1 Rxc4 49. Rxa5 c5 50. Ra8 Rf4+ 51. Ke3 Kxg4 52.
Ra5 Rc4 53. Kd3 Rd4+ 54. Ke3 c4 55. Rxe5 Rd3+ 56. Ke4 1/2-1/2

[Event "SF Telgte 1 - SC Gronau 1"]
[Site "Regionalliga 2015/2016"]
[Date "2016.01.09"]
[Round "5.5"]
[White "Reinhold, Klaus"]
[Black "Kuhlenbäumer, Willi"]
[Result "1/2-1/2"]
[WhiteElo "1900"]
[BlackElo "1947"]
[PlyCount "65"]
[EventDate "2016.??.??"]
[SourceDate "2015.09.11"]

1. d4 Nf6 2. c4 g6 3. Nc3 d6 4. Nf3 Bg7 5. e4 O-O 6. Be2 e5 7. dxe5 dxe5 8.
Qxd8 Rxd8 9. Bg5 Re8 10. Nd5 Nxd5 11. cxd5 f5 12. Rc1 h6 13. Be3 c6 14. Bc4 Kh7
15. O-O Nd7 16. dxc6 bxc6 17. Nh4 Nf8 18. Bc5 Bf6 19. Bf7 Rd8 20. Rfd1 Be6 21.
Rxd8 Rxd8 22. Bxe6 Nxe6 23. g3 Bxh4 24. gxh4 Nf4 25. Kf1 fxe4 26. Be3 a6 27.
Bxf4 exf4 28. Ke2 Rd6 29. Rc4 Re6 30. f3 exf3+ 31. Kxf3 g5 32. hxg5 hxg5 33. h4
1/2-1/2

[Event "SF Telgte 1 - SC Gronau 1"]
[Site "Regionalliga 2015/2016"]
[Date "2016.01.09"]
[Round "5.6"]
[White "Kuhlenbäumer, Alfred"]
[Black "Rothkegel, Jürgen"]
[Result "1-0"]
[WhiteElo "1849"]
[BlackElo "1866"]
[PlyCount "59"]
[EventDate "2016.??.??"]
[SourceDate "2015.09.11"]

1. e4 e5 2. Nf3 Nc6 3. Bb5 a6 4. Ba4 Nf6 5. O-O Be7 6. Re1 b5 7. Bb3 d6 8. c3
Na5 9. Bc2 c5 10. d4 Qc7 11. h3 O-O 12. Nbd2 Bd7 13. Nf1 Rfc8 14. Ne3 Bf8 15.
Qe2 Re8 16. dxe5 dxe5 17. Rd1 g6 18. Nd5 Nxd5 19. exd5 Qd6 20. Ng5 f5 21. a4 c4
22. Be3 Nb7 23. b4 cxb3 24. Bxb3 Nc5 25. Bxc5 Qxc5 26. d6+ Kg7 27. Bf7 Red8 28.
Bd5 e4 29. Qb2 h6 30. c4+ 1-0

[Event "SF Telgte 1 - SC Gronau 1"]
[Site "Regionalliga 2015/2016"]
[Date "2016.01.09"]
[Round "5.7"]
[White "Klönne, Tim"]
[Black "Hirnstein, Markus"]
[Result "1/2-1/2"]
[WhiteElo "1762"]
[BlackElo "1881"]
[PlyCount "36"]
[EventDate "2016.??.??"]
[SourceDate "2015.09.11"]

1. d4 Nf6 2. Nf3 e6 3. c4 b6 4. g3 Bb7 5. Bg2 Be7 6. Nc3 Ne4 7. O-O O-O 8. d5
Nxc3 9. bxc3 Na6 10. Nd4 Nc5 11. Ba3 Qc8 12. Nb3 d6 13. Bxc5 bxc5 14. Na5 e5
15. Nxb7 Qxb7 16. Qb3 Rab8 17. Qxb7 Rxb7 18. Rab1 Rfb8 1/2-1/2

[Event "SF Telgte 1 - SC Gronau 1"]
[Site "Regionalliga 2015/2016"]
[Date "2016.01.09"]
[Round "5.8"]
[White "Esser, Peter"]
[Black "Hoge, Torsten"]
[Result "0-1"]
[WhiteElo "1749"]
[BlackElo "1919"]
[PlyCount "94"]
[EventDate "2016.??.??"]
[SourceDate "2015.09.11"]

1. d4 e6 2. c4 Nf6 3. Nc3 Bb4 4. a3 Bxc3+ 5. bxc3 b6 6. f3 d5 7. cxd5 exd5 8.
e3 O-O 9. Bd3 c5 10. Ne2 Re8 11. O-O Ba6 12. Ng3 Bxd3 13. Qxd3 Nc6 14. Ra2 Rc8
15. Re2 Qd7 16. Rd1 cxd4 17. cxd4 Rcd8 18. Bb2 h6 19. h4 Qd6 20. Kf2 g6 21. Nf1
Re6 22. g3 Rde8 23. a4 Qd7 24. Ba3 Na5 25. Qb5 Qb7 26. Nd2 Rc8 27. Bb4 Nc4 28.
Nxc4 Rxc4 29. Be1 a6 30. Qb3 Qc6 31. a5 b5 32. Rd3 Qe8 33. Bd2 Kh7 34. Re1 Qd7
35. Kg2 Qc7 36. Rc3 Qxa5 37. Rc2 Qc7 38. Ra2 Rec6 39. Rb1 Ne8 40. Rbb2 Nd6 41.
Qd3 Nf5 42. Be1 Rc1 43. Qd2 Rd1 44. Qe2 Rcc1 45. Bf2 Rg1+ 46. Kh2 Rh1+ 47. Kg2
Nxh4+ 0-1